La China Moderna /

Historia de las ideas y de los movimientos sociales, y un análisis de la revolución como un sistema de varias capas que actúan simultáneamente.

Guardat en:
Dades bibliogràfiques
Autor principal: Chevrier, Yves (autor)
Format: Llibre
Idioma:espanyol
Publicat: México : Fondo de Cultura Económica, 1987
Col·lecció:(Colección Popular ; 353)
Matèries:
Etiquetes: Afegir etiqueta
Sense etiquetes, Sigues el primer a etiquetar aquest registre!

MARC

LEADER 00000nam^a2200000^a^4500
001 000019595
005 20250521000000.0
009 20260310084302.825
020 |a 968-16-2608-7 
037 |a Acervo ITESO - Biblioteca 
041 |a ESP 
082 |a 951.  |b CHE 
100 |a Chevrier, Yves  |e (autor) 
245 1 3 |a La China Moderna /  |c Y. Chevrier; tr. por: Diana Luz Sánchez. 
264 1 |a México :  |b Fondo de Cultura Económica,  |c 1987 
300 |a 200 p. 
336 |a texto  |b txt  |2 rdacontenido 
337 |a sin mediación  |b n  |2 rdamedio 
338 |a volumen  |b nc  |2 rdasoporte 
440 1 |a (Colección Popular ;  |v 353) 
500 |a Traducción de: La Chine Moderne 
520 |a Historia de las ideas y de los movimientos sociales, y un análisis de la revolución como un sistema de varias capas que actúan simultáneamente. 
649 |a XX 
650 |a China -  |x Historia 
910 |a Fondo General 
920 |a Impresos - Libros 
930 |a Colección General 
905 |a 101 
901 |a 0195950100  |b IT1  |c ACC  |i 019595  |u 20250521 
902 |a https://opac.biblio.iteso.mx/vufind/Record/000019595